000 00533nam a2200193Ia 4500
003 IN-BaIIA
008 211028s9999 xx 000 0 eng d
020 _a0-340-24423-2
040 _cIIA Library
080 _a52
_bSAG
100 _aSagan, Carl
_94728
245 0 _aMurmurs of earth
_cCarl Sagan
260 _aLondon
_bHodder and Stoughton
_c1978
300 _a273p.
650 _aAstronomy
_980
650 _aAstronomy and astrophysics thesaurus
650 _aEarth
942 _cBK
999 _c6532
_d6532